000 00269nam a2200109Ia 4500
008 190912s9999||||xx |||||||||||||| ||und||
100 _aHenry C. Lucas
245 0 _aInformation Technology For Management
260 _aUSA
_bEducation
_c1997
300 _a714
942 _cBK
999 _c7696
_d7696